000 00541nam a2200193Ia 4500
005 20250508150357.0
008 008 250505s9999 xx 000 0 eng d
037 _aTextual
040 _aFEDL
_beng
_cFEDL
041 _aeng
_2eng
084 _a371.805, SPE
_qFEDL
100 _aSpears Harold
_991981
245 0 _aHigh - schools journalism
260 _aNew York, USA
_bThe Macmillan Company
_c1948
300 _axvi,464p
700 _a Lawshe C H
_9756533
942 _cTEXL
_h371.805, SPE
999 _c1323288
_d1323288